000 00733cam a2200241 i 4500
999 _c4384
_d4384
001 2690917
003 GBCCL
005 20241126110517.0
008 760720s1976 moub 000 0 eng
010 _a 75043157
020 _a0882438921 :
_c$1.25
040 _aDLC
_cDLC
_dDLC
050 0 0 _aBS2675.2
_b.S67
082 0 0 _a227.206
_bSPI
100 1 _aSpittler, Russell P.
_98229
245 1 4 _aThe Corinthian correspondence /
_cRussell P. Spittler.
260 _aSpringfield, Mo. :
_bGospel Pub. House,
_cc1976.
300 _a125 p. :
_bmap ;
_c18 cm.
490 0 _aRadiant books
630 0 0 _aBible.
_pCorinthians
_xCriticism, interpretation, etc.
_98230
906 _a7
_bcbc
_corignew
_d2
_eocip
_f19
_gy-gencatlg
942 _2ddc
_cBK
_08